| 000 | 00753cam a2200181 a 4500 | ||
|---|---|---|---|
| 082 | 0 | 0 |
_a358.295491 _bPAK _cL-30,2, P168. |
| 245 | 0 | 0 |
_aHistory of the Corps of Engineers / _ccompiled under the direction and authority of the engineer-in-chief, Army Headquarters, New Delhi. |
| 260 |
_aNew Delhi : _bPalit & Palit Publishers, _c1980. |
||
| 300 |
_avii, 510 p., [45] p. of plates : _bill. (some col.), folded col. maps ; _c23 cm. |
||
| 500 | _aForeword signed: J.S. Bawa, engineer-in-chief. | ||
| 500 | _aIncludes index. | ||
| 500 | _aSpine title: The Corps of Engineers, 1947-72. | ||
| 526 |
_a0 _b0 _c0 _d358_295491000000000_PAK |
||
| 526 |
_a0 _b0 _c0 _d358_295491000000000_PAK |
||
| 650 |
_aMCE _9379 |
||
| 700 | 1 |
_aBawa, J. S., _948857 |
|
| 942 |
_2ddc _cBK |
||
| 999 |
_c551845 _d551845 |
||